[Event "ODJM A 2018"]
[Site "Willingen GER"]
[Date "2018.05.21"]
[Round "3"]
[White "Krause, Benedict"]
[Black "Terhuven, Patrick"]
[Result "1-0"]
[Termination "normal"]
[Board "1"]
[WhiteTitle "FM"]
[WhiteElo "2448"]
[BlackElo "2124"]
[WhiteClock "00:21:23"]
[BlackClock "00:26:21"]
[PlyCount "89"]
[WhiteFideId "12917990"]
[BlackFideId "12919098"]
[EventCountry "GER"]
[EventRounds "9"]
[EventType "swiss"]
[EventDate "2018.05.19"]

1. e4 {[%clk 1:30:57]} 1... e6 {[%clk 1:30:54]} 2. d4 {[%clk 1:30:58]} 2... d5
{[%clk 1:31:18]} 3. Nc3 {[%clk 1:31:23]} 3... dxe4 {[%clk 1:31:42]} 4. Nxe4 {
[%clk 1:31:24]} 4... Bd7 {[%clk 1:32:05]} 5. Nf3 {[%clk 1:30:22]} 5... Bc6 {
[%clk 1:32:28]} 6. Bd3 {[%clk 1:30:04]} 6... Nd7 {[%clk 1:32:52]} 7. O-O {
[%clk 1:29:17]} 7... Ngf6 {[%clk 1:33:15]} 8. Nxf6+ {[%clk 1:28:49]} 8... Qxf6
{[%clk 1:31:47]} 9. Be2 {[%clk 1:19:46]} 9... h6 {[%clk 1:25:07]} 10. c4 {
[%clk 1:16:38]} 10... Be4 {[%clk 1:17:02]} 11. Be3 {[%clk 1:10:48]} 11... Be7 {
[%clk 1:10:44]} 12. Nd2 {[%clk 1:06:56]} 12... Bc6 {[%clk 1:04:33]} 13. Qb3 {
[%clk 1:00:45]} 13... b6 {[%clk 1:02:11]} 14. d5 {[%clk 0:38:08]} 14... Bb7 {
[%clk 0:59:20]} 15. Bf3 {[%clk 0:27:53]} 15... O-O-O {[%clk 0:44:03]} 16. Ne4 {
[%clk 0:20:43]} 16... Qg6 {[%clk 0:41:37]} 17. Nc3 {[%clk 0:19:12]} 17... e5 {
[%clk 0:37:27]} 18. Qa4 {[%clk 0:17:08]} 18... Kb8 {[%clk 0:32:39]} 19. b4 {
[%clk 0:15:54]} 19... f5 {[%clk 0:31:02]} 20. c5 {[%clk 0:14:06]} 20... bxc5 {
[%clk 0:23:26]} 21. bxc5 {[%clk 0:14:30]} 21... Bxc5 {[%clk 0:21:54]} 22. Bxc5
{[%clk 0:12:59]} 22... Nxc5 {[%clk 0:22:22]} 23. Qc4 {[%clk 0:12:42]} 23... e4
{[%clk 0:19:16]} 24. Bh5 {[%clk 0:12:39]} 24... Qd6 {[%clk 0:17:30]} 25. Rab1 {
[%clk 0:11:37]} 25... Ka8 {[%clk 0:15:23]} 26. Rfc1 {[%clk 0:04:15]} 26... a6 {
[%clk 0:07:29]} 27. Nb5 {[%clk 0:03:50]} 27... axb5 {[%clk 0:07:08]} 28. Qxb5 {
[%clk 0:04:08]} 28... Ba6 {[%clk 0:02:12]} 29. Qxc5 {[%clk 0:04:31]} 29... Qxc5
{[%clk 0:02:36]} 30. Rxc5 {[%clk 0:04:57]} 30... Rb8 {[%clk 0:01:30]} 31. Rbc1
{[%clk 0:05:13]} 31... Rb7 {[%clk 0:01:08]} 32. Rxc7 {[%clk 0:03:31]} 32...
Rxc7 {[%clk 0:01:03]} 33. Rxc7 {[%clk 0:03:59]} 33... Rc8 {[%clk 0:00:56]} 34.
Rxc8+ {[%clk 0:03:36]} 34... Bxc8 {[%clk 0:01:25]} 35. Be8 {[%clk 0:01:51]}
35... Kb7 {[%clk 0:01:33]} 36. d6 {[%clk 0:01:49]} 36... Be6 {[%clk 0:01:38]}
37. a4 {[%clk 0:01:40]} 37... f4 {[%clk 0:00:41]} 38. Bb5 {[%clk 0:01:33]}
38... Kc8 {[%clk 0:00:56]} 39. a5 {[%clk 0:01:30]} 39... Bd5 {[%clk 0:01:07]}
40. a6 {[%clk 0:01:34]} 40... Kd8 {[%clk 0:00:56]} 41. a7 {[%clk 0:28:25]}
41... g5 {[%clk 0:29:49]} 42. f3 {[%clk 0:25:18]} 42... h5 {[%clk 0:28:17]} 43.
fxe4 {[%clk 0:22:47]} 43... Bxe4 {[%clk 0:28:44]} 44. Bd3 {[%clk 0:22:48]}
44... Bb7 {[%clk 0:26:21]} 45. Bg6 {[%clk 0:21:23]} 1-0

[Event "ODJM A 2018"]
[Site "Willingen GER"]
[Date "2018.05.21"]
[Round "3"]
[White "Küppers, Timo"]
[Black "Ehmann, Thilo"]
[Result "0-1"]
[Termination "normal"]
[Board "2"]
[BlackTitle "FM"]
[WhiteElo "2175"]
[BlackElo "2287"]
[WhiteClock "00:01:57"]
[BlackClock "00:09:52"]
[PlyCount "174"]
[WhiteFideId "16205820"]
[BlackFideId "12940968"]
[EventCountry "GER"]
[EventRounds "9"]
[EventType "swiss"]
[EventDate "2018.05.19"]

1. d4 {[%clk 1:30:53]} 1... Nf6 {[%clk 1:30:56]} 2. Nf3 {[%clk 1:31:15]} 2...
c5 {[%clk 1:31:22]} 3. d5 {[%clk 1:30:04]} 3... e6 {[%clk 1:31:19]} 4. c4 {
[%clk 1:28:18]} 4... b5 {[%clk 1:30:56]} 5. Bg5 {[%clk 1:19:41]} 5... Qb6 {
[%clk 1:23:20]} 6. Bxf6 {[%clk 1:12:26]} 6... gxf6 {[%clk 1:23:45]} 7. Nc3 {
[%clk 1:12:21]} 7... f5 {[%clk 1:12:59]} 8. cxb5 {[%clk 0:58:31]} 8... Bg7 {
[%clk 1:09:39]} 9. a4 {[%clk 0:45:17]} 9... Qa5 {[%clk 1:07:28]} 10. Qd2 {
[%clk 0:37:54]} 10... Bb7 {[%clk 1:04:50]} 11. e3 {[%clk 0:33:31]} 11... O-O {
[%clk 1:00:03]} 12. Be2 {[%clk 0:29:45]} 12... a6 {[%clk 0:57:04]} 13. O-O {
[%clk 0:29:14]} 13... axb5 {[%clk 0:54:41]} 14. Bxb5 {[%clk 0:27:42]} 14... Rd8
{[%clk 0:53:20]} 15. Rac1 {[%clk 0:25:13]} 15... Na6 {[%clk 0:51:29]} 16. d6 {
[%clk 0:22:35]} 16... Qb4 {[%clk 0:41:56]} 17. Qe2 {[%clk 0:22:02]} 17... Qg4 {
[%clk 0:41:38]} 18. Rfd1 {[%clk 0:17:10]} 18... Nb4 {[%clk 0:39:11]} 19. Ne1 {
[%clk 0:15:55]} 19... Qg6 {[%clk 0:38:36]} 20. Qc4 {[%clk 0:15:29]} 20... Nc6 {
[%clk 0:27:45]} 21. Bxc6 {[%clk 0:13:15]} 21... Bxc6 {[%clk 0:27:42]} 22. Qxc5
{[%clk 0:12:32]} 22... Rdc8 {[%clk 0:23:45]} 23. Nb5 {[%clk 0:06:36]} 23...
Bxb2 {[%clk 0:11:29]} 24. Rc2 {[%clk 0:07:02]} 24... Bb7 {[%clk 0:11:36]} 25.
Nc7 {[%clk 0:06:37]} 25... Bf6 {[%clk 0:11:50]} 26. a5 {[%clk 0:04:48]} 26...
Rab8 {[%clk 0:08:16]} 27. Qa3 {[%clk 0:04:31]} 27... Bxg2 {[%clk 0:06:56]} 28.
Nxg2 {[%clk 0:03:56]} 28... f4 {[%clk 0:07:14]} 29. Qd3 {[%clk 0:02:09]} 29...
Qxd3 {[%clk 0:07:37]} 30. Rxd3 {[%clk 0:02:36]} 30... Rb1+ {[%clk 0:08:01]} 31.
Ne1 {[%clk 0:03:00]} 31... Rxe1+ {[%clk 0:08:26]} 32. Kg2 {[%clk 0:03:27]}
32... Ra1 {[%clk 0:08:24]} 33. a6 {[%clk 0:03:41]} 33... Rxa6 {[%clk 0:08:13]}
34. Nxa6 {[%clk 0:01:48]} 34... Rxc2 {[%clk 0:08:38]} 35. exf4 {[%clk 0:01:21]}
35... Rc8 {[%clk 0:04:59]} 36. Rg3+ {[%clk 0:01:13]} 36... Kh8 {[%clk 0:04:32]}
37. Rb3 {[%clk 0:01:22]} 37... Rc6 {[%clk 0:03:39]} 38. Nc7 {[%clk 0:00:48]}
38... Kg7 {[%clk 0:02:05]} 39. Ne8+ {[%clk 0:01:01]} 39... Kg6 {[%clk 0:02:30]}
40. Rb7 {[%clk 0:01:18]} 40... Bd4 {[%clk 0:01:16]} 41. Rxd7 {[%clk 0:28:30]}
41... Rc2 {[%clk 0:30:53]} 42. Rc7 {[%clk 0:20:04]} 42... Rxf2+ {[%clk 0:31:02]
} 43. Kg3 {[%clk 0:20:30]} 43... Rd2 {[%clk 0:30:54]} 44. Rc6 {[%clk 0:16:49]}
44... Bb2 {[%clk 0:27:37]} 45. Kf3 {[%clk 0:14:37]} 45... Ba3 {[%clk 0:25:05]}
46. Ke3 {[%clk 0:12:09]} 46... Rd5 {[%clk 0:23:43]} 47. Ke4 {[%clk 0:09:31]}
47... f5+ {[%clk 0:21:12]} 48. Kf3 {[%clk 0:09:54]} 48... Kf7 {[%clk 0:21:29]}
49. Nc7 {[%clk 0:10:11]} 49... Rxd6 {[%clk 0:21:37]} 50. Rxd6 {[%clk 0:10:33]}
50... Bxd6 {[%clk 0:22:02]} 51. Nb5 {[%clk 0:10:43]} 51... Bc5 {[%clk 0:22:20]}
52. Nc3 {[%clk 0:10:42]} 52... Kg6 {[%clk 0:21:11]} 53. Nb5 {[%clk 0:10:06]}
53... Kf7 {[%clk 0:20:14]} 54. Nc3 {[%clk 0:10:20]} 54... Ke8 {[%clk 0:20:03]}
55. Ne2 {[%clk 0:10:18]} 55... Be7 {[%clk 0:19:27]} 56. Nd4 {[%clk 0:10:12]}
56... Kd7 {[%clk 0:19:53]} 57. Ne2 {[%clk 0:10:18]} 57... Bf6 {[%clk 0:20:15]}
58. Ng3 {[%clk 0:10:20]} 58... Kd6 {[%clk 0:19:26]} 59. Nf1 {[%clk 0:10:20]}
59... Bd4 {[%clk 0:19:04]} 60. Ke2 {[%clk 0:07:07]} 60... Kd5 {[%clk 0:18:56]}
61. Kf3 {[%clk 0:05:42]} 61... Bc5 {[%clk 0:18:30]} 62. Ng3 {[%clk 0:05:56]}
62... Bd4 {[%clk 0:18:13]} 63. Nf1 {[%clk 0:05:40]} 63... Bb2 {[%clk 0:18:30]}
64. Nd2 {[%clk 0:05:15]} 64... Bc3 {[%clk 0:18:15]} 65. Nf1 {[%clk 0:05:28]}
65... Kd4 {[%clk 0:17:40]} 66. h3 66... Kd3 {[%clk 0:16:48]} 67. Ng3 { [%clk
0:02:21]} 67... Bb2 {[%clk 0:15:45]} 68. Nf1 {[%clk 0:01:53]} 68... Ba1 { [%clk
0:15:39]} 69. Ne3 {[%clk 0:01:44]} 69... Bc3 {[%clk 0:15:06]} 70. Nf1 { [%clk
0:02:07]} 70... Bd4 {[%clk 0:14:20]} 71. Ng3 {[%clk 0:02:29]} 71... Kd2 { [%clk
0:14:26]} 72. Ne2 {[%clk 0:02:46]} 72... Bb2 {[%clk 0:13:51]} 73. Kf2 { [%clk
0:03:06]} 73... h5 {[%clk 0:11:42]} 74. Ng3 {[%clk 0:02:22]} 74... h4 { [%clk
0:12:29]} 75. Nf1+ {[%clk 0:02:33]} 75... Kd3 {[%clk 0:12:42]} 76. Kf3 { [%clk
0:02:38]} 76... Bd4 {[%clk 0:11:45]} 77. Nh2 {[%clk 0:01:19]} 77... Kd2 { [%clk
0:11:13]} 78. Nf1+ {[%clk 0:01:13]} 78... Ke1 {[%clk 0:10:54]} 79. Kg2 { [%clk
0:01:37]} 79... Ke2 {[%clk 0:09:26]} 80. Nh2 {[%clk 0:02:03]} 80... Ke3 81. Nf3
81... Bf6 {[%clk 0:09:51]} 82. Ng5 {[%clk 0:02:29]} 82... e5 { [%clk 0:08:55]}
83. Nh7 {[%clk 0:02:18]} 83... exf4 {[%clk 0:08:35]} 84. Nxf6 { [%clk 0:02:39]}
84... Ke2 {[%clk 0:09:02]} 85. Nd5 {[%clk 0:01:30]} 85... f3+ { [%clk 0:09:27]}
86. Kh2 {[%clk 0:01:57]} 86... f2 {[%clk 0:09:52]} 87. Nf4+ Kf3 0-1

[Event "ODJM A 2018"]
[Site "Willingen GER"]
[Date "2018.05.21"]
[Round "3"]
[White "Syrov, Arkadi"]
[Black "Winkel, Peter"]
[Result "1-0"]
[Termination "normal"]
[Board "3"]
[WhiteElo "2291"]
[BlackElo "2110"]
[WhiteClock "00:47:38"]
[BlackClock "00:50:39"]
[PlyCount "41"]
[WhiteFideId "12942448"]
[BlackFideId "12954756"]
[EventCountry "GER"]
[EventRounds "9"]
[EventType "swiss"]
[EventDate "2018.05.19"]

1. e4 {[%clk 1:30:59]} 1... e5 {[%clk 1:30:57]} 2. Nf3 {[%clk 1:31:23]} 2...
Nc6 {[%clk 1:31:23]} 3. Bb5 {[%clk 1:31:49]} 3... a6 {[%clk 1:31:49]} 4. Ba4 {
[%clk 1:32:17]} 4... Nf6 {[%clk 1:32:13]} 5. d3 {[%clk 1:32:43]} 5... b5 {
[%clk 1:32:29]} 6. Bb3 {[%clk 1:33:09]} 6... Bc5 {[%clk 1:32:55]} 7. Nc3 {
[%clk 1:33:23]} 7... O-O {[%clk 1:27:55]} 8. Nd5 {[%clk 1:32:22]} 8... h6 {
[%clk 1:27:47]} 9. c3 {[%clk 1:32:44]} 9... d6 {[%clk 1:25:51]} 10. Nxf6+ {
[%clk 1:32:43]} 10... Qxf6 {[%clk 1:26:19]} 11. Bd5 {[%clk 1:33:06]} 11... Bd7
{[%clk 1:26:25]} 12. Rg1 {[%clk 1:33:26]} 12... h5 {[%clk 1:13:35]} 13. h3 {
[%clk 1:33:13]} 13... g6 {[%clk 1:05:46]} 14. g4 {[%clk 1:19:55]} 14... hxg4 {
[%clk 1:05:32]} 15. hxg4 {[%clk 1:19:48]} 15... Qh8 {[%clk 1:02:31]} 16. Ke2 {
[%clk 1:09:23]} 16... Qh3 {[%clk 0:53:59]} 17. Rg3 {[%clk 0:58:25]} 17... Qh7 {
[%clk 0:53:55]} 18. Qf1 {[%clk 0:58:38]} 18... Qg7 {[%clk 0:53:05]} 19. Qh1 {
[%clk 0:50:39]} 19... Rfe8 {[%clk 0:52:23]} 20. Bg5 {[%clk 0:49:07]} 20... Rab8
{[%clk 0:50:39]} 21. Qh4 {[%clk 0:47:38]} 1-0

[Event "ODJM A 2018"]
[Site "Willingen GER"]
[Date "2018.05.21"]
[Round "3"]
[White "Knudsen, Simon"]
[Black "Holtel, Jasper"]
[Result "1/2-1/2"]
[Termination "normal"]
[Board "4"]
[BlackTitle "FM"]
[WhiteElo "2126"]
[BlackElo "2240"]
[WhiteClock "01:13:24"]
[BlackClock "01:12:27"]
[PlyCount "23"]
[WhiteFideId "12985546"]
[BlackFideId "12956376"]
[EventCountry "GER"]
[EventRounds "9"]
[EventType "swiss"]
[EventDate "2018.05.19"]

1. Nf3 {[%clk 1:30:01]} 1... Nf6 {[%clk 1:30:10]} 2. g3 {[%clk 1:23:30]} 2...
d5 {[%clk 1:28:00]} 3. Bg2 {[%clk 1:18:12]} 3... Bf5 {[%clk 1:25:48]} 4. c4 {
[%clk 1:17:36]} 4... e6 {[%clk 1:25:20]} 5. Qb3 {[%clk 1:17:14]} 5... Nc6 {
[%clk 1:17:35]} 6. Qxb7 {[%clk 1:14:40]} 6... Nb4 {[%clk 1:17:00]} 7. Nd4 {
[%clk 1:14:03]} 7... Rb8 {[%clk 1:12:36]} 8. Qxa7 {[%clk 1:12:18]} 8... Ra8 {
[%clk 1:11:45]} 9. Qb7 {[%clk 1:12:38]} 9... Rb8 {[%clk 1:12:07]} 10. Qa7 {
[%clk 1:13:03]} 10... Ra8 {[%clk 1:12:12]} 11. Qb7 {[%clk 1:13:24]} 11... Rb8 {
[%clk 1:12:27]} 12. Qa7 1/2-1/2

[Event "ODJM A 2018"]
[Site "Willingen GER"]
[Date "2018.05.21"]
[Round "3"]
[White "Giraud, Valerian"]
[Black "Borchert, René"]
[Result "0-1"]
[Termination "normal"]
[Board "5"]
[WhiteElo "2034"]
[BlackElo "2186"]
[WhiteClock "00:15:55"]
[BlackClock "00:19:04"]
[PlyCount "75"]
[WhiteFideId "12920355"]
[BlackFideId "12990671"]
[EventCountry "GER"]
[EventRounds "9"]
[EventType "swiss"]
[EventDate "2018.05.19"]

1. d4 {[%clk 1:30:57]} 1... Nf6 {[%clk 1:30:56]} 2. c4 {[%clk 1:31:23]} 2... e6
{[%clk 1:31:23]} 3. Nc3 {[%clk 1:31:48]} 3... Bb4 {[%clk 1:31:50]} 4. Qc2 {
[%clk 1:32:11]} 4... O-O {[%clk 1:32:14]} 5. Nf3 {[%clk 1:32:37]} 5... d5 {
[%clk 1:29:35]} 6. cxd5 {[%clk 1:32:57]} 6... Bxc3+ {[%clk 1:24:02]} 7. bxc3 {
[%clk 1:30:08]} 7... exd5 {[%clk 1:24:15]} 8. e3 {[%clk 1:24:46]} 8... c6 {
[%clk 1:11:03]} 9. Bd3 {[%clk 1:22:25]} 9... Nbd7 {[%clk 1:08:48]} 10. O-O {
[%clk 1:20:17]} 10... Re8 {[%clk 1:08:50]} 11. a4 {[%clk 1:15:59]} 11... Qc7 {
[%clk 1:00:40]} 12. Ba3 {[%clk 1:12:45]} 12... b6 {[%clk 0:55:53]} 13. Rfc1 {
[%clk 1:04:42]} 13... Bb7 {[%clk 0:51:30]} 14. Rab1 {[%clk 0:51:43]} 14... c5 {
[%clk 0:50:07]} 15. Bb5 {[%clk 0:41:04]} 15... c4 {[%clk 0:43:36]} 16. h3 {
[%clk 0:34:29]} 16... Bc6 {[%clk 0:41:42]} 17. Re1 {[%clk 0:31:17]} 17... a6 {
[%clk 0:38:09]} 18. Bxc6 {[%clk 0:31:28]} 18... Qxc6 {[%clk 0:38:35]} 19. Nd2 {
[%clk 0:30:41]} 19... b5 {[%clk 0:37:27]} 20. axb5 20... axb5 {[%clk 0:37:29]}
21. Bb4 {[%clk 0:26:12]} 21... Ra4 {[%clk 0:37:42]} 22. Ra1 {[%clk 0:24:00]}
22... Rea8 {[%clk 0:37:05]} 23. Qb2 {[%clk 0:22:49]} 23... Ne4 {[%clk 0:31:41]}
24. Rxa4 {[%clk 0:22:33]} 24... bxa4 {[%clk 0:30:57]} 25. f3 {[%clk 0:20:59]}
25... a3 {[%clk 0:30:35]} 26. Qa2 {[%clk 0:20:47]} 26... Nxd2 {[%clk 0:30:46]}
27. Qxd2 {[%clk 0:21:13]} 27... a2 {[%clk 0:30:56]} 28. Ra1 {[%clk 0:21:30]}
28... Qa4 {[%clk 0:30:33]} 29. e4 {[%clk 0:21:11]} 29... Qb3 {[%clk 0:28:55]}
30. Qe1 {[%clk 0:21:22]} 30... Nf6 {[%clk 0:25:04]} 31. Bd6 {[%clk 0:19:31]}
31... dxe4 {[%clk 0:17:26]} 32. fxe4 {[%clk 0:19:29]} 32... Qc2 {[%clk 0:17:51]
} 33. e5 {[%clk 0:19:15]} 33... Ne4 {[%clk 0:18:17]} 34. Bb4 {[%clk 0:17:21]}
34... Nd2 {[%clk 0:18:20]} 35. e6 {[%clk 0:17:24]} 35... fxe6 {[%clk 0:18:19]}
36. Qxe6+ {[%clk 0:17:23]} 36... Kh8 {[%clk 0:18:46]} 37. Qd5 {[%clk 0:15:40]}
37... Qb1+ {[%clk 0:19:04]} 38. Kh2 {[%clk 0:15:55]} 0-1

[Event "ODJM A 2018"]
[Site "Willingen GER"]
[Date "2018.05.21"]
[Round "3"]
[White "Goldbeck, Lars"]
[Black "Savchenko, Daniel"]
[Result "0-1"]
[Termination "normal"]
[Board "6"]
[WhiteElo "2247"]
[BlackElo "2117"]
[WhiteClock "00:06:20"]
[BlackClock "00:11:55"]
[PlyCount "66"]
[WhiteFideId "16208188"]
[BlackFideId "12919195"]
[EventCountry "GER"]
[EventRounds "9"]
[EventType "swiss"]
[EventDate "2018.05.19"]

1. d4 {[%clk 1:30:57]} 1... d5 {[%clk 1:30:47]} 2. c4 {[%clk 1:31:23]} 2... e6
{[%clk 1:31:08]} 3. Nf3 {[%clk 1:31:42]} 3... Nf6 {[%clk 1:31:25]} 4. g3 {
[%clk 1:32:07]} 4... Bb4+ {[%clk 1:31:48]} 5. Bd2 {[%clk 1:32:35]} 5... Bd6 {
[%clk 1:32:05]} 6. Bg2 {[%clk 1:32:39]} 6... c6 {[%clk 1:32:24]} 7. Nc3 { [%clk
1:33:00]} 7... O-O {[%clk 1:32:37]} 8. O-O {[%clk 1:32:32]} 8... Nbd7 { [%clk
1:32:40]} 9. Qc2 {[%clk 1:32:32]} 9... dxc4 {[%clk 1:32:51]} 10. Rad1 { [%clk
1:32:46]} 10... Nd5 {[%clk 1:32:56]} 11. Ne4 {[%clk 1:30:06]} 11... Bc7 { [%clk
1:32:29]} 12. Qxc4 {[%clk 1:28:34]} 12... Qe7 {[%clk 1:29:51]} 13. Bg5 { [%clk
1:25:01]} 13... f6 {[%clk 1:28:22]} 14. Bc1 {[%clk 1:24:28]} 14... e5 { [%clk
1:19:16]} 15. dxe5 {[%clk 1:16:27]} 15... fxe5 {[%clk 1:14:10]} 16. b3 { [%clk
0:57:57]} 16... Kh8 {[%clk 1:03:54]} 17. Bb2 {[%clk 0:55:01]} 17... N7f6 {[%clk
0:57:40]} 18. Nxf6 {[%clk 0:52:06]} 18... Nxf6 {[%clk 0:53:41]} 19. Qh4 {[%clk
0:49:54]} 19... Bg4 {[%clk 0:43:48]} 20. h3 {[%clk 0:43:14]} 20... Bh5 { [%clk
0:41:55]} 21. Qg5 {[%clk 0:37:26]} 21... Rae8 {[%clk 0:34:27]} 22. Rfe1 { [%clk
0:33:34]} 22... Bb6 {[%clk 0:28:49]} 23. Qxe5 {[%clk 0:23:48]} 23... Qb4 {[%clk
0:24:08]} 24. Bc3 {[%clk 0:16:27]} 24... Qa3 {[%clk 0:20:25]} 25. Qg5 { [%clk
0:12:35]} 25... Bxf2+ {[%clk 0:20:15]} 26. Kh2 {[%clk 0:12:14]} 26... h6 {[%clk
0:16:53]} 27. Qh4 {[%clk 0:10:33]} 27... Re4 {[%clk 0:15:28]} 28. g4 { [%clk
0:07:51]} 28... Bxh4 {[%clk 0:15:37]} 29. Nxh4 {[%clk 0:08:16]} 29... Rxg4
{[%clk 0:12:43]} 30. hxg4 {[%clk 0:08:18]} 30... Nxg4+ {[%clk 0:13:06]} 31. Kg3
{[%clk 0:07:19]} 31... Qc5 {[%clk 0:12:17]} 32. Rd3 {[%clk 0:06:20]} 32... Qg5
{[%clk 0:11:34]} 33. Nf3 {[%clk 0:06:20]} 33... Qf4+ {[%clk 0:11:55]} 0-1

[Event "ODJM A 2018"]
[Site "Willingen GER"]
[Date "2018.05.21"]
[Round "3"]
[White "Arndt, Magnus"]
[Black "Engel, Robert"]
[Result "1/2-1/2"]
[Termination "normal"]
[Board "8"]
[WhiteElo "2120"]
[BlackElo "2081"]
[WhiteClock "00:04:23"]
[BlackClock "00:30:09"]
[PlyCount "83"]
[WhiteFideId "12998656"]
[BlackFideId "12974684"]
[EventCountry "GER"]
[EventRounds "9"]
[EventType "swiss"]
[EventDate "2018.05.19"]

1. e4 {[%clk 1:30:58]} 1... e5 {[%clk 1:30:56]} 2. Nf3 {[%clk 1:31:20]} 2...
Nc6 {[%clk 1:31:21]} 3. Bc4 {[%clk 1:31:03]} 3... Bc5 {[%clk 1:31:22]} 4. c3 {
[%clk 1:31:14]} 4... Nf6 {[%clk 1:31:47]} 5. d3 {[%clk 1:31:40]} 5... O-O {
[%clk 1:32:07]} 6. a4 {[%clk 1:31:43]} 6... a6 {[%clk 1:29:22]} 7. O-O { [%clk
1:30:44]} 7... d6 {[%clk 1:27:23]} 8. h3 {[%clk 1:27:59]} 8... h6 { [%clk
1:27:08]} 9. Re1 {[%clk 1:27:06]} 9... Be6 {[%clk 1:25:48]} 10. Nbd2 { [%clk
1:24:53]} 10... Ne7 {[%clk 1:19:35]} 11. b4 {[%clk 1:08:55]} 11... Ba7 { [%clk
1:17:41]} 12. Qb3 {[%clk 1:04:20]} 12... Qd7 {[%clk 1:13:48]} 13. Bxe6 { [%clk
0:46:49]} 13... Qxe6 {[%clk 1:12:55]} 14. Qxe6 {[%clk 0:46:08]} 14... fxe6
{[%clk 1:13:22]} 15. g3 {[%clk 0:33:02]} 15... Ng6 {[%clk 1:09:08]} 16. Kg2
{[%clk 0:30:37]} 16... d5 {[%clk 1:03:51]} 17. exd5 {[%clk 0:22:35]} 17... exd5
{[%clk 1:02:54]} 18. Nxe5 {[%clk 0:18:42]} 18... Bxf2 {[%clk 0:58:52]} 19. Re2
{[%clk 0:18:06]} 19... Nxe5 {[%clk 0:58:37]} 20. Rxe5 {[%clk 0:18:22]} 20...
Ba7 {[%clk 0:52:17]} 21. Nf3 {[%clk 0:17:57]} 21... Rae8 {[%clk 0:51:38]} 22.
Bf4 {[%clk 0:17:19]} 22... c6 {[%clk 0:47:23]} 23. Rae1 {[%clk 0:16:16]} 23...
Rxe5 {[%clk 0:47:05]} 24. Bxe5 {[%clk 0:16:38]} 24... Re8 {[%clk 0:45:58] } 25.
Bxf6 {[%clk 0:12:33]} 25... Rxe1 {[%clk 0:46:21]} 26. Nxe1 { [%clk 0:12:57]}
26... gxf6 {[%clk 0:46:47]} 27. d4 {[%clk 0:13:25]} 27... Bb8 { [%clk 0:46:26]}
28. Nd3 {[%clk 0:13:33]} 28... Bd6 {[%clk 0:45:08]} 29. a5 { [%clk 0:13:32]}
29... Kf7 {[%clk 0:45:19]} 30. Kf3 {[%clk 0:13:58]} 30... Kg6 { [%clk 0:43:01]}
31. Nf4+ {[%clk 0:06:50]} 31... Kf7 {[%clk 0:39:26]} 32. Kg4 { [%clk 0:06:18]}
32... Bxf4 {[%clk 0:33:20]} 33. Kxf4 {[%clk 0:06:44]} 33... Kg6 {[%clk
0:32:56]} 34. g4 {[%clk 0:06:36]} 34... Kg7 {[%clk 0:31:52]} 35. Kf5 { [%clk
0:06:40]} 35... Kf7 {[%clk 0:32:21]} 36. Kf4 {[%clk 0:04:33]} 36... Kg6 { [%clk
0:32:20]} 37. h4 {[%clk 0:04:49]} 37... Kf7 {[%clk 0:30:50]} 38. Kf5 { [%clk
0:04:52]} 38... Kg7 {[%clk 0:31:19]} 39. Kf4 {[%clk 0:03:45]} 39... Kg6 { [%clk
0:31:48]} 40. Kf3 {[%clk 0:03:43]} 40... f5 {[%clk 0:29:52]} 41. Kf4 { [%clk
0:04:03]} 41... fxg4 {[%clk 0:30:09]} 42. Kxg4 {[%clk 0:04:23]} 1/2-1/2

[Event "ODJM A 2018"]
[Site "Willingen GER"]
[Date "2018.05.21"]
[Round "3"]
[White "Parvanyan, Alfred"]
[Black "Stemmler, Fabian"]
[Result "1/2-1/2"]
[Termination "normal"]
[Board "9"]
[WhiteElo "2095"]
[BlackElo "1963"]
[WhiteClock "00:24:24"]
[BlackClock "00:32:42"]
[PlyCount "41"]
[WhiteFideId "13305832"]
[BlackFideId "12964808"]
[EventCountry "GER"]
[EventRounds "9"]
[EventType "swiss"]
[EventDate "2018.05.19"]

1. Nf3 {[%clk 1:30:51]} 1... d5 {[%clk 1:30:55]} 2. g3 {[%clk 1:31:07]} 2...
Nf6 {[%clk 1:31:20]} 3. Bg2 {[%clk 1:31:29]} 3... e6 {[%clk 1:31:46]} 4. O-O {
[%clk 1:31:39]} 4... Be7 {[%clk 1:32:11]} 5. c4 {[%clk 1:32:04]} 5... O-O {
[%clk 1:32:22]} 6. b3 {[%clk 1:32:19]} 6... b6 {[%clk 1:32:30]} 7. Bb2 { [%clk
1:32:23]} 7... Bb7 {[%clk 1:32:54]} 8. Nc3 {[%clk 1:26:03]} 8... Nbd7 { [%clk
1:25:42]} 9. Rc1 {[%clk 1:23:46]} 9... c5 {[%clk 1:25:09]} 10. cxd5 { [%clk
1:23:24]} 10... Nxd5 {[%clk 1:25:28]} 11. d3 {[%clk 1:11:09]} 11... Bf6 { [%clk
1:24:15]} 12. Qd2 {[%clk 1:07:32]} 12... Nxc3 {[%clk 1:14:11]} 13. Bxc3 { [%clk
1:07:56]} 13... Bxc3 {[%clk 1:14:36]} 14. Qxc3 {[%clk 1:01:26]} 14... Rc8
{[%clk 1:05:05]} 15. Rfd1 {[%clk 0:54:00]} 15... Qe7 {[%clk 1:03:11]} 16. d4 {
[%clk 0:37:30]} 16... Rfd8 {[%clk 0:57:21]} 17. dxc5 {[%clk 0:35:01]} 17...
Rxc5 {[%clk 0:48:32]} 18. Qe3 {[%clk 0:29:29]} 18... Rxc1 {[%clk 0:43:31]} 19.
Qxc1 {[%clk 0:24:31]} 19... Nf8 {[%clk 0:32:18]} 20. Rxd8 {[%clk 0:24:06]}
20... Qxd8 {[%clk 0:32:42]} 21. Qd2 {[%clk 0:24:24]} 1/2-1/2